000 00344pab a2200145 454500
008 180718b1988 xxu||||| |||| 00| 0 eng d
100 _aUpadhyaya, Abay
245 _aRole of media in rural development
260 _c1988
300 _a523-33
362 _aSept.
650 _aRural Development
773 _aKhadi Gramodyog
909 _a17414
999 _c17414
_d17414